LEADER 01182cam0-22003491i-450- 001 990004713960403321 005 20090319103108.0 035 $a000471396 035 $aFED01000471396 035 $a(Aleph)000471396FED01 035 $a000471396 100 $a19990604g19709999km-y0itay50------ba 101 0 $agre 102 $aGR 105 $ay-------001yy 200 1 $aMonasteriaka typika - Diathekai$eMelete philologike$fKonstantinou A. Manaphe 210 $aEn Athenais$cTipographeion Adelphon Rode$d1970 215 $a200 p.$d24 cm 225 1 $aAthena$eSyngramma periodikon tes en Athenais epistemonikes hetaireias$iSeira diatribon kai meletematon$v7 303 $aTitoli traslitterati 610 0 $aMonachesimo$aRegole$aOriente bizantino 676 $a248.8 676 $a880.02$v21$zita 700 1$aManaphes,$bKonstantinos A.$0187916 801 0$aIT$bUNINA$gRICA$2UNIMARC 901 $aBK 912 $a990004713960403321 952 $aP2B-260-MANAPHES K.A.-1970$bIst.Fil.cl. 2384$fFLFBC 952 $aP2B-260-MANAPHES K.A.-1970 bis$bIst.Fil.cl.Catt.Fil.biz. 4026$fFLFBC 959 $aFLFBC 996 $aMonasteriaka typika - Diathekai$9557297 997 $aUNINA LEADER 01027nam--2200325---450- 001 990006158900203316 005 20160706121956.0 035 $a000615890 035 $aUSA01000615890 035 $a(ALEPH)000615890USA01 035 $a000615890 100 $a20160706d2011----km-y0itay50------ba 101 $aita 102 $aIT 105 $a||||||||001yy 200 1 $aSulla giustizia$einterventi del Capo dello Stato e Presidente del Consiglio Superiore della Magistratura, 2006-2011$fGiorgio Napolitano 210 $a[s.l.]$c[s.n.] (Roma: Art color printing)$d2011 215 $a130 p.$d21 cm 300 $aIn testa al front.: Presidenza della Repubblica italiana 606 0 $aGiustizia$yItalia$2BNCF 676 $a347.45 700 1$aNAPOLITANO,$bGiorgio$0120314 801 0$aIT$bsalbc$gISBD 912 $a990006158900203316 951 $a347.45 NAP$b1293 Crd.$c347$d00331367 959 $aBK 969 $aCRD 979 $aPAOLA$b90$c20160706$lUSA01$h1219 996 $aSulla giustizia$91392987 997 $aUNISA